| 000 -LEADER | |
|---|---|
| fixed length control field | 00419nam a22001697a 4500 |
| 005 - DATE AND TIME OF LATEST TRANSACTION | |
| control field | 20180201165312.0 |
| 008 - FIXED-LENGTH DATA ELEMENTS--GENERAL INFORMATION | |
| fixed length control field | 160523b xxu||||| |||| 00| 0 eng d |
| 020 ## - INTERNATIONAL STANDARD BOOK NUMBER | |
| ISBN | 978-81-203-2175-5 |
| 041 ## - LANGUAGE CODE | |
| Language code of text/sound track or separate title | eng |
| 082 ## - DEWEY DECIMAL CLASSIFICATION NUMBER | |
| Item number | 4408 |
| Classification number | 004.6 |
| 100 ## - MAIN ENTRY--AUTHOR NAME | |
| Personal name | Tanenbaum A.S. |
| 245 ## - TITLE STATEMENT | |
| Title | computer Networks |
| 260 ## - PUBLICATION, DISTRIBUTION, ETC. (IMPRINT) | |
| Place of publication | New Delhi |
| Name of publisher | Academic Faundation |
| 300 ## - PHYSICAL DESCRIPTION | |
| Number of Pages | 891 |
| 650 ## - SUBJECT ADDED ENTRY--TOPICAL TERM | |
| Topical Term | Information Technology |
| 942 ## - ADDED ENTRY ELEMENTS (KOHA) | |
| Koha item type | Books |
| Lost status | Damaged status | Collection code | Home library | Current library | Shelving location | Date acquired | Cost, normal purchase price | Full call number | Accession Number | Koha item type |
|---|---|---|---|---|---|---|---|---|---|---|
| CS/IT | JRU Library | JRU Library | SHELF-49-F | 23/05/2016 | 325.00 | 004.6 | 4408 | Books | ||
| CS/IT | JRU Library | JRU Library | SHELF-49-F | 23/05/2016 | 325.00 | 004.6 | 4409 | Books | ||
| CS/IT | JRU Library | JRU Library | SHELF-49-F | 23/05/2016 | 325.00 | 004.6 | 4410 | Books | ||
| CS/IT | JRU Library | JRU Library | SHELF-49-F | 23/05/2016 | 325.00 | 004.6 | 4411 | Books | ||
| CS/IT | JRU Library | JRU Library | SHELF-49-F | 23/05/2016 | 325.00 | 004.6 | 4412 | Books | ||
| CS/IT | JRU Library | JRU Library | SHELF-49-F | 23/05/2016 | 325.00 | 004.6 | 4413 | Books | ||
| CS/IT | JRU Library | JRU Library | SHELF-49-F | 23/05/2016 | 325.00 | 004.6 | 4414 | Books | ||
| CS/IT | JRU Library | JRU Library | SHELF-56-G | 23/05/2016 | 325.00 | 4408 | 4415 | Books | ||
| JRU Library | SHELF-2-F | 23/05/2016 | 325.00 | 4408 | 4416 | Books |